| 000 | 00729nam a2200229 u 4500 | ||
|---|---|---|---|
| 005 | 20251203064005.0 | ||
| 008 | 100831s2008 r 000 0 eng d | ||
| 020 | _a9789682484728 | ||
| 035 | _aUPN01000177605 | ||
| 049 | _aCG | ||
| 050 | 4 |
_aLB1050 _bS6.3 2008 |
|
| 100 | 1 |
_aSolovieva, Yulia _933804 |
|
| 245 | 1 | 0 |
_aEnseñanza de la lectura : _bmétodo práctico para la formación lectora / _cYulia Solovieva, Luis Quintanar Rojas. |
| 250 | _a2a ed. | ||
| 260 |
_aMéxico : _bTrillas, _c2008. |
||
| 300 |
_a128 p. : _bil. |
||
| 650 | 4 |
_aLectura _xEstudio y enseñanza _96274 |
|
| 650 | 4 |
_aIntereses en la lectura _94851 |
|
| 650 | 2 |
_aHábitos de lectura _96074 |
|
| 700 | 1 |
_aQuintanar Rojas, Luis, _ecoaut. |
|
| 905 | _aLibro | ||
| 999 |
_c149708 _d149708 |
||